Дело по просьбе актёра Дюкруасси о производстве ему жалованья по курсу, и о выдаче актрисе Милень и музыканту Дорлье проездных д...

Доступно только в Электронных читальных залах Найти на картеНа карте
RUSMARC
00003653nmc2a22000003x 450
001c3800b02-7595-419d-92f6-39683e4017ae
00520181003104008.0
100##$a20161216l18121812k l0rusy0189 ca
1010#$arus
102##$aRU
2001#$aДело по просьбе актёра Дюкруасси о производстве ему жалованья по курсу, и о выдаче актрисе Милень и музыканту Дорлье проездных денег
$j29 февраля - 25 июня 1812 г.
251##$cДело
300##$aДело
801#0$aRU
$bРГИА
$c20161216
$gRCR
801#1$aRU
$bГлавНИВЦ
$c20161216
$2rusmarc
801#2$aRU
$bПБ им. Б.Н. Ельцина
$c20181003
$gRCR
$2rusmarc
850##$aРГИА
852##$aРГИА
$eФедеральное казенное учреждение "Российский государственный исторический архив" (РГИА)
$j1055
937##$hРГИА
$d12235231
$aASBIBLIO_SCAN
462#0$1001dd3991dc-24e1-42ec-8838-ca4255420416
$12001
$a1746-1850 гг.
$1251
$cОпись
$1852
$j1
461#0$10019264ebf8-de62-4f1a-9eb4-9f22098dbbd5
$12001
$aДирекция императорских театров МИДв
$1251
$cФонд
$1852
$j497
215##$a13 л.
$d36,5х26 см
371##$aДокумент не является опубликованным и широко распространяемым
105##$ay###
1222#$ad
035##$ac3800b02-7595-419d-92f6-39683e4017ae
856##$uhttp://readingroom.main.prlib.ru/item.aspx?id_node=n118831655&mode=full
Формат отображения